Integrated genomics : (Record no. 21395)

MARC details
000 -LEADER
fixed length control field 01654cam a2200349 i 4500
001 - CONTROL NUMBER
control field 14396404
003 - CONTROL NUMBER IDENTIFIER
control field EG-ScBUE
005 - DATE AND TIME OF LATEST TRANSACTION
control field 20260125100904.0
008 - FIXED-LENGTH DATA ELEMENTS--GENERAL INFORMATION
fixed length control field 060531t2006 enka frb 001 0 eng d
020 ## - INTERNATIONAL STANDARD BOOK NUMBER
International Standard Book Number 0470095024 (PB : alk. paper)
020 ## - INTERNATIONAL STANDARD BOOK NUMBER
International Standard Book Number 9780470095027 (PB : alk. paper)
040 ## - CATALOGING SOURCE
Original cataloging agency DNLM/DLC
Language of cataloging eng
Description conventions rda
Transcribing agency DLC
Modifying agency NLM
-- UKM
-- BAKER
-- C#P
-- YDXCP
-- OCLCQ
-- BTCTA
-- STF
-- DLC
-- EG-ScBUE
082 04 - DEWEY DECIMAL CLASSIFICATION NUMBER
Classification number 572.86078
Edition number 22
Item number CAL
100 1# - MAIN ENTRY--PERSONAL NAME
Personal name Caldwell, Guy A.,
Relator term author.
9 (RLIN) 39540
245 10 - TITLE STATEMENT
Title Integrated genomics :
Remainder of title a discovery-based laboratory course /
Statement of responsibility, etc Guy A. Caldwell, Shelli N. Williams, and Kim A. Caldwell.
264 #1 - PUBLICATION, DISTRIBUTION, ETC. (IMPRINT)
Place of publication, distribution, etc Chichester :
Name of publisher, distributor, etc John Wiley & Sons,
Date of publication, distribution, etc [2006]
264 #4 - PUBLICATION, DISTRIBUTION, ETC. (IMPRINT)
Date of publication, distribution, etc c2006
300 ## - PHYSICAL DESCRIPTION
Extent xx, 225 pages :
Other physical details illustrations ;
Dimensions 29 cm
336 ## - CONTENT TYPE
Source rdacontent
Content type term text
Content type code txt
337 ## - MEDIA TYPE
Media type term unmediated
Source rdamedia
Media type code n
338 ## - CARRIER TYPE
Carrier type term volume
Carrier type code nc
Source rdacarrier
504 ## - BIBLIOGRAPHY, ETC. NOTE
Bibliography, etc Includes bibliographical references and index.
505 0# - FORMATTED CONTENTS NOTE
Formatted contents note Introduction to basic laboratory genetics -- Gene expression analysis using transgenic animals -- Creation and testing of transgenic yeast for use in protein-protein interaction screening -- Yeast two-hybrid screening -- Isolation and identification of interacting proteins -- Using bioinformatics in modern science -- Generation of an RNAi vector -- RNA-mediated interference by bacterial feeding.
650 #7 - SUBJECT ADDED ENTRY--TOPICAL TERM
Topical term or geographic name as entry element Genomics
Form subdivision Laboratory manuals.
Source of heading or term BUEsh
650 #7 - SUBJECT ADDED ENTRY--TOPICAL TERM
Topical term or geographic name as entry element Diagnosis, Laboratory.
Source of heading or term BUEsh
650 #7 - SUBJECT ADDED ENTRY--TOPICAL TERM
Topical term or geographic name as entry element Molecular biology
General subdivision Technique.
Source of heading or term BUEsh
653 ## - INDEX TERM--UNCONTROLLED
Resource For college Pharmacy
Arrived date list March2016
655 ## - INDEX TERM--GENRE/FORM
Form subdivision Reading book
700 1# - ADDED ENTRY--PERSONAL NAME
Personal name Williams, Shelli N.,
Relator term author.
700 1# - ADDED ENTRY--PERSONAL NAME
Personal name Caldwell, Kim A.,
Relator term author.
942 ## - ADDED ENTRY ELEMENTS (KOHA)
Source of classification or shelving scheme Dewey Decimal Classification
Koha item type Book - Borrowing
Holdings
Withdrawn status Lost status Source of classification or shelving scheme Damaged status Not for loan Collection code Home library Current library Shelving location Date acquired Source of acquisition Cost, normal purchase price Serial Enumeration / chronology Total Checkouts Total Renewals Full call number Barcode Date last seen Date checked out Price effective from Koha item type
    Dewey Decimal Classification       Central Library Central Library First floor 14/03/2016 Purchase 490.00 2 1 3 572.86078 CAL 000032020 15/07/2025 28/03/2019 14/03/2016 Book - Borrowing